000
00317nam a22001457a 4500
008
210527b ||||| |||| 00| 0 eng d
020
_a
9781557981288
041
_a
eng
080
_a
316
082
_a
316
100
_a
50
101
_a
SOC
245
_a
Testifying in Court
_c
Stanley L. Brodsky
942
_2
udc
_c
BK
999
_c
57741
_d
57741